Normal view
MARC view
Entry Personal Name
001 - CONTROL NUMBER
- control field: 16829
003 - CONTROL NUMBER IDENTIFIER
- control field: BD-RjUL
005 - DATE AND TIME OF LATEST TRANSACTION
- control field: 20250909110126.0
008 - FIXED-LENGTH DATA ELEMENTS
- fixed length control field: 250909|| aca||aabn | a|a d
040 ## - CATALOGING SOURCE
- Original cataloging agency: BD-RjUL
- Transcribing agency: BD-RjUL
100 ## - HEADING--PERSONAL NAME
- Personal name: Faruqi, muhammad Tahir
670 ## - SOURCE DATA FOUND
- Source citation: Work cat.: (BD-RjUL)85672: Faruqi, muhammad Tahir, انتخاب مراثى انيس و دبير / Intik̲h̲āb-i marās̲i-yi Anīs o Dabīr /, 195?